Normal view
MARC view
- Jaisingh, Lloyd.
Entry Personal Name
001 - CONTROL NUMBER
- control field: 8743
003 - CONTROL NUMBER IDENTIFIER
- control field: NUST
005 - DATE AND TIME OF LATEST TRANSACTION
- control field: 20180118123852.0
008 - FIXED-LENGTH DATA ELEMENTS
- fixed length control field: 180118|| aca||aabn | a|a d
040 ## - CATALOGING SOURCE
- Original cataloging agency: NUST
- Transcribing agency: NUST
100 ## - HEADING--PERSONAL NAME
- Personal name: Jaisingh, Lloyd.
670 ## - SOURCE DATA FOUND
- Source citation: Work cat.: (NUST)29759: Jaisingh, Lloyd., Schaum's outline of abstract algebra /, 2004.
